00806nam a22002417a 450000500170000001000130001702000100003003500130004003700160005304000120006908200110008110000360009224500920012826000360022027000610025630000200031765000220033765000190035970000290037894200200040799900190042795201180044620170124110115.0 aA-823166 c00.00 aA-823166 bCen Lib/Ret aDPLbEN aNbMAR aMarquez, Gabriel Garcia 929954 aThe autumn of the patriarch /cby Gabriel Garcia Marquez; traslated by Geogory Rabassa  bPenguin Books aNew Delhic1996 bNew Delhia210, Chiranjivi tower, 43 Nehru placee110017 a229p.c19cm(Hb) aLiterature 96262 aNovels 913976 aRabassa, Gregory9101952 2ddccENhNmMAR c130727d130727 00104070aLbLd2015-07-10eCen Lib/Retg0.00l0oN MARpA-823166r2015-07-10 00:00:00t1v0.00w2015-07-10yEN